000
00310nam a22001337a 4500
008
170315b xxu||||| |||| 00| 0 eng d
020
_a
9780803622562
041
_a
eng
080
_2
6TH
_a
611
100
_a
7
101
_a
SHM
245
_a
ESSENTIALS OF ANATOMY AND PHYSIOLOGY
_c
SCANLON, V.C
942
_2
udc
_c
BK
999
_c
7914
_d
7914